000 00754nam1a22002051i 4500
001 rc\996753
005 20240723224733.0
035 _a(NLR Aleph) 006246641
090 _a6714731
_c6714731
100 _a20041129d1981 u |0rusy50 ca
101 0 _arus
102 _aRU
105 _ay |||||||||
200 1 _aЛауреаты Ленинских и Государственных премий СССР и РСФСР года в области литературы, искусства и архитектуры...
_eУказ. лит.
_fГос. Публ. б-ка Карел. АССР
210 _aПетрозаводск
_cБ. и.
_d1981
215 _d20
801 0 _aRU
_bNLR
_gpsbo
801 1 _aRU
_bELAR
_2rusmarc
852 _aNLR
_bС
_jК-2/1668
942 _cBOOK